00519nam a2200181Ia 4500008004100000020001800041245003700059245008300096260001500179260001600194260000900210300001500219300002000234300001000254440004600264500000800310999001900318170705s9999 xx 000 0 und d a9780590434119 aVampires don't wear polka dots / cby Debbie Dadey and Marcia Thorthon Jones ; illustrated by John Steven Gurney. aNew York : bScholastic, c1990 a78 pages : billustrations ; c19cm. aThe adventures of the Bailey school kids. a600 c337198d337198